Normal view
MARC view
- العلماء العرب - تراجم
Entry Topical Term
001 - CONTROL NUMBER
- control field: 36328
003 - CONTROL NUMBER IDENTIFIER
- control field: JO-AjAnu
005 - DATE AND TIME OF LATEST TRANSACTION
- control field: 20230606080051.0
008 - FIXED-LENGTH DATA ELEMENTS
- fixed length control field: 230606|| aca||aabn | a|a d
040 ## - CATALOGING SOURCE
- Original cataloging agency: JO-AjAnu
- Transcribing agency: JO-AjAnu
150 ## - HEADING--TOPICAL TERM
- Topical term or geographic name entry element: العلماء العرب - تراجم
670 ## - SOURCE DATA FOUND
- Source citation: Work cat.: (JO-AjAnu)18650: الشحات، على احمد ؛ تقديم عبد الحليم منتصر , author 36327, ابو الريحان البيروني حياته ، مؤلفاته ، ابحاثه العلمية